Pohjois-Savon kunnat kartalla - Statistics

Yleistilastot
  • Tätä visaa on pelattu 13 445 kertaa
    13 442 viimeisimmän päivityksen jälkeen
  • Keskiarvotulos 12 / 19
Vastaukset kartalla
Vastauksille on annettu kartalla punavihreä väri sen mukaan, kuinka moni on saanut sen oikein.
 
Vastaustilastot
Vaakuna Väkiluku Kunta % Oikein
v 125 597 Kuopio
98%
v 21 240 Siilinjärvi
84%
v 20 474 Iisalmi
81%
v 19 669 Varkaus
75%
v 8 869 Lapinlahti
65%
v 6 642 Suonenjoki
65%
v 7 370 Kiuruvesi
61%
v 8 979 Leppävirta
60%
v 4 571 Joroinen
59%
v 3 361 Vieremä
59%
v 2 922 Rautalampi
58%
v 1 410 Rautavaara
58%
v 3 994 Pielavesi
57%
v 3 593 Sonkajärvi
56%
v 2 004 Keitele
55%
v 2 600 Kaavi
53%
v 1 400 Tervo
50%
v 1 858 Vesanto
50%
v 2 314 Tuusniemi
49%
Ehtoja vastaavia visoja ei löytynyt
Tulosjakauma
Jokaisen tuloksen saaneiden osuus
Persentiili vastausten määrän mukaan
Tuloshistoriasi
Et ole pelannut tätä visaa sen viimeisimmän päivityksen jälkeen